Statistics for Rugby Union Stadiums

Click here to take the quiz!

General Stats

  • This quiz has been taken 17 times
  • The average score is 6 of 9

Answer Stats

HintAnswer% Correct
New ZealandEden Park
100%
EnglandTwickenham Stadium
93%
IrelandAviva Stadium
80%
ScotlandMurrayfield
80%
FranceStade de France
73%
WalesPrincipality Stadium
67%
AustraliaANZ Stadium
40%
South AfricaEllis Park Stadium
40%
ItalyStadio Olimpico
33%

Score Distribution

Percentile by Number Answered

Percent of People with Each Score

Your Score History

You have not taken this quiz